| 000 | 00721nam a2200181 i 4500 | ||
|---|---|---|---|
| 001 | 164851 | ||
| 003 | ES-MaACL | ||
| 005 | 20250704063122.0 | ||
| 008 | 950206s1845 sp |||| | spa d | ||
| 040 |
_aCLM _bspa _cCCPB | PA2 |
||
| 100 | 1 |
_aSavigny, Friedrich Carl von, _d1779-1861 _9104070 |
|
| 245 | 1 | 0 |
_aTratado de la posesion _b: segun los principios de derecho romano / _cpor M.F.C. de Savigny. |
| 260 |
_aMadrid : _b[s.n.], _c1845 ( _fImprenta de la Sociedad Literaria y tipografica) |
||
| 300 |
_a261 p. ; _c22 cm. |
||
| 650 | 4 |
_aPosesión (Derecho romano) _9159326 |
|
| 852 |
_aES-MaACL _jD-402(2) _z-- Enc. hol. _q-- Falto de la cub. original _z-- Enc. en un vol. facticio |
||
| 999 |
_c164851 _d164851 |
||